Central Library OPAC University of Rajshahi

Economics and the public purpose. (Record no. 2722)

MARC details
000 -LEADER
fixed length control field 00959cam a2200301 4500
001 - CONTROL NUMBER
control field 2722
003 - CONTROL NUMBER IDENTIFIER
rucl marc code BD-RjUL
005 - DATE AND TIME OF LATEST TRANSACTION
control field 20211208233615.0
008 - FIXED-LENGTH DATA ELEMENTS--GENERAL INFORMATION
fixed length control field 131217s1973 mau b 001 0 eng
020 ## - INTERNATIONAL STANDARD BOOK NUMBER
International Standard Book Number 0395172063
-- 0395178940 (pbk.)
035 ## - SYSTEM CONTROL NUMBER
System control number (BD-RjUL)2749
040 ## - CATALOGING SOURCE
Original cataloging agency DLC
Transcribing agency DLC
Modifying agency DLC
-- OCoLC
-- DLC
-- BD-RjUL
Language of cataloging eng
041 ## - LANGUAGE CODE
Language code of text/sound track or separate title eng
082 00 - DEWEY DECIMAL CLASSIFICATION NUMBER
Classification number 338.973
Author mark and year GAE
100 1# - MAIN ENTRY--PERSONAL NAME
Personal name Galbraith, John Kenneth,
Dates associated with a name 1908-2006.
9 (RLIN) 7043
245 10 - TITLE STATEMENT
Title Economics and the public purpose.
260 ## - PUBLICATION, DISTRIBUTION, ETC. (IMPRINT)
Place of publication, distribution, etc. Boston :
Name of publisher, distributor, etc. Houghton Mifflin,
Date of publication, distribution, etc. c1973.
300 ## - PHYSICAL DESCRIPTION
Pagination xvi, 334 p.;
Size 24 cm.
350 ## - PRICE (NR) (BK AM CF MU VM SE) [OBSOLETE]
Price $10.00
504 ## - BIBLIOGRAPHY, ETC. NOTE
Bibliography, etc Includes bibliographical references and index
650 #0 - SUBJECT ADDED ENTRY--TOPICAL TERM
Topical term or geographic name as entry element Corporations
Geographic subdivision United States.
9 (RLIN) 7932
Topical term or geographic name as entry element Industrial policy
Geographic subdivision United States.
9 (RLIN) 6147
651 #0 - SUBJECT ADDED ENTRY--GEOGRAPHIC NAME
Geographic name United States
General subdivision Economic conditions
Chronological subdivision 1961-1971.
9 (RLIN) 8739
Geographic name United States
General subdivision Economic policy
Chronological subdivision 1971-1981.
9 (RLIN) 8740
942 ## - ADDED ENTRY ELEMENTS (KOHA)
Source of classification or shelving scheme Dewey Decimal Classification
Koha item type Books
Holdings
Lost status Source of classification or shelving scheme Damaged status Not for loan Collection code Permanent Location Current Location Shelving location Date acquired Source of acquisition Total Checkouts Full call number Date last seen Copy number Koha item type
  Dewey Decimal Classification     Non-fiction Central Library, University of Rajshahi Central Library, University of Rajshahi   05/09/1985 Gift   338.973 GAE 1973 17/12/2013 C-2 Books
  Dewey Decimal Classification   Not For Loan Non-fiction Central Library, University of Rajshahi Central Library, University of Rajshahi Reading Room 05/09/1985     338.973 GAE 18/12/2016 C-1 Books